000
00337nam a2200133Ia 4500
008
151001s9999||||xx |||||||||||||| ||und||
100
_a
नीलाभ
245
_a
कला और समजा
250
_a
1
260
_b
उत्सवा प्रकाशन
260
_c
2007
300
_a
119
365
_b
21
999
_c
990578
_d
990575